000 00892nam a2200229Ii 4500
003 JO-AjNU
008 230605s9999||||xx |||||||||||||| ||und||
017 _a1989/8695
020 _a977-148-346-3
040 _aJO-AjNU
_bara
_erda
_cJO-AjNU
041 _aara
050 1 4 _aDK288.G6712.1990
100 3 _aجورباتشوف، ميخائيل؛ ترجمة عبد الجواد، حمدي ؛ مراجعة المعلم، محمد ,
_eauthor
_949184
245 0 0 _aالبيريسترويكا: تفكير جديد لبلادنا والعالم
250 _aط4
264 3 1 _aبيروت: دار الشروق، 1990
300 _a310ص
336 _atext
_btxt
_2rdacontent
337 _aunmediated
_bn
_2rdamedia
338 _avolume
_bnc
_2rdacarrier
650 4 _aالشيوعية - الاتحاد السوفيتي، الاحزاب السياسية- الاتحاد السوفيتي
_949185
999 _aA21587
_c25155
_d25155